[Event "Langley op"]
[Site "Langley CAN"]
[Date "2017.09.02"]
[Round "1.2"]
[White "Singh, Gurbaz"]
[Black "Doknjas, Joshua"]
[Result "0-1"]
[WhiteElo "1341"]
[BlackElo "2234"]
[WhiteFideId "-1"]
[WhiteFideId "-1"]
[PlyCount "50"]
[GameId "2160767908347064"]
[EventDate "2017.09.02"]
[EventType "swiss"]
[EventRounds "6"]
[EventCountry "CAN"]
[SourceTitle "EXT 2022"]
[Source "ChessBase"]
[SourceDate "2021.10.06"]
[SourceVersion "1"]
[SourceVersionDate "2021.10.06"]
[SourceQuality "1"]

1. d4 d5 2. c4 c6 3. cxd5 cxd5 4. Nc3 Nf6 5. Nf3 Nc6 6. Bf4 Nh5 7. Bd2 e6 8. e3 Bd6 9. Rc1 g6 10. e4 dxe4 11. Nxe4 Be7 12. Bb5 O-O 13. Bxc6 bxc6 14. O-O Qd5 15. Nc3 Qc4 16. Ne5 Qxd4 17. Nxc6 Qd7 18. Nxe7+ Qxe7 19. Bh6 Rd8 20. Qf3 Bb7 21. Qe3 Ng7 22. Bxg7 Kxg7 23. Rfd1 h5 24. Rxd8 Rxd8 25. Qxa7 Qg5 0-1

[Event "Langley op"]
[Site "Langley CAN"]
[Date "2017.09.02"]
[Round "1.3"]
[White "Zhu, Brandon"]
[Black "Yang, Jingyun (Ryan)"]
[Result "1-0"]
[WhiteElo "2173"]
[BlackElo "1333"]
[WhiteFideId "-1"]
[WhiteFideId "-1"]
[PlyCount "79"]
[GameId "2160767908347066"]
[EventDate "2017.09.02"]
[EventType "swiss"]
[EventRounds "6"]
[EventCountry "CAN"]
[SourceTitle "EXT 2022"]
[Source "ChessBase"]
[SourceDate "2021.10.06"]
[SourceVersion "1"]
[SourceVersionDate "2021.10.06"]
[SourceQuality "1"]

1. d4 e6 2. Nf3 d5 3. c4 Nf6 4. g3 Nbd7 5. Bg2 c6 6. O-O Bd6 7. Nfd2 O-O 8. e4 dxe4 9. Nxe4 Nxe4 10. Bxe4 Nf6 11. Bg2 Qc7 12. Nc3 e5 13. d5 cxd5 14. Nb5 Qc5 15. Nxd6 Qxd6 16. cxd5 Bf5 17. Qb3 Qd7 18. Re1 e4 19. Rd1 Rad8 20. Bg5 Bg4 21. f3 exf3 22. Bxf3 b6 23. Bxf6 gxf6 24. Rd4 f5 25. Rad1 Qd6 26. Qc3 Rc8 27. Qe3 f6 28. Bxg4 fxg4 29. Rxg4+ Kh8 30. Re4 f5 31. Re6 Qb4 32. Re7 Qg4 33. Qd4+ Qxd4+ 34. Rxd4 Rc1+ 35. Kf2 Rc2+ 36. Kf3 Rxh2 37. d6 f4 38. Rxf4 Rd8 39. d7 Rxd7 40. Rf8# 1-0

[Event "Langley op"]
[Site "Langley CAN"]
[Date "2017.09.02"]
[Round "1.4"]
[White "Clarkson, Paul"]
[Black "McLaren, Brian"]
[Result "0-1"]
[WhiteElo "1324"]
[BlackElo "2165"]
[WhiteFideId "-1"]
[WhiteFideId "-1"]
[PlyCount "66"]
[GameId "2160767908347067"]
[EventDate "2017.09.02"]
[EventType "swiss"]
[EventRounds "6"]
[EventCountry "CAN"]
[SourceTitle "EXT 2022"]
[Source "ChessBase"]
[SourceDate "2021.10.06"]
[SourceVersion "1"]
[SourceVersionDate "2021.10.06"]
[SourceQuality "1"]

1. e4 Nf6 2. e5 Nd5 3. d4 d6 4. Nf3 Bg4 5. Bb5+ c6 6. Bc4 dxe5 7. dxe5 e6 8. O-O Nd7 9. Re1 Qc7 10. Bxd5 cxd5 11. Bf4 Bc5 12. Qd3 Qb6 13. Bg3 Qxb2 14. Nc3 Bf5 15. Rab1 Qxb1 16. Rxb1 Bxd3 17. cxd3 O-O-O 18. d4 Be7 19. Bf4 h6 20. Bd2 Kb8 21. a4 Rc8 22. a5 Rc6 23. Ne1 Rhc8 24. Nb5 a6 25. Nd6 Rxd6 26. exd6 Bxd6 27. Nd3 Rc4 28. Bb4 Bxb4 29. Rxb4 Rxb4 30. Nxb4 Kc7 31. f4 Nb8 32. Kf2 Nc6 33. Nd3 Nxd4 0-1

[Event "Langley op"]
[Site "Langley CAN"]
[Date "2017.09.02"]
[Round "1.5"]
[White "Richardson, Kai"]
[Black "Sun, Elvin"]
[Result "1-0"]
[WhiteElo "2099"]
[BlackElo "1310"]
[WhiteFideId "-1"]
[WhiteFideId "-1"]
[PlyCount "71"]
[GameId "2160767908347068"]
[EventDate "2017.09.02"]
[EventType "swiss"]
[EventRounds "6"]
[EventCountry "CAN"]
[SourceTitle "EXT 2022"]
[Source "ChessBase"]
[SourceDate "2021.10.06"]
[SourceVersion "1"]
[SourceVersionDate "2021.10.06"]
[SourceQuality "1"]

1. d4 d5 2. c4 dxc4 3. Nc3 Nc6 4. Nf3 e6 5. e4 Nf6 6. a3 h6 7. Bxc4 Ne7 8. b4 Ng6 9. O-O Be7 10. Re1 b6 11. Qb3 Bb7 12. Bb2 c6 13. b5 c5 14. d5 exd5 15. Nxd5 O-O 16. Rad1 Nxd5 17. exd5 Bf6 18. Ne5 Nxe5 19. Bxe5 Re8 20. Qg3 Bxe5 21. Rxe5 Qd7 22. Rde1 Rxe5 23. Qxe5 Kf8 24. Qf4 a6 25. bxa6 Bxa6 26. Bxa6 Qxd5 27. Bc4 Qd7 28. Qe4 Ra4 29. Qh7 Qe6 30. Bxe6 fxe6 31. Qg6 Rxa3 32. Qxe6 Ra8 33. f4 b5 34. f5 g5 35. Qe7+ Kg8 36. f6 1-0

[Event "Langley op"]
[Site "Langley CAN"]
[Date "2017.09.02"]
[Round "1.6"]
[White "Yang, Henry"]
[Black "Hemstapat, Andrew"]
[Result "0-1"]
[WhiteElo "1307"]
[BlackElo "2069"]
[WhiteFideId "-1"]
[WhiteFideId "-1"]
[PlyCount "72"]
[GameId "2160767908347069"]
[EventDate "2017.09.02"]
[EventType "swiss"]
[EventRounds "6"]
[EventCountry "CAN"]
[SourceTitle "EXT 2022"]
[Source "ChessBase"]
[SourceDate "2021.10.06"]
[SourceVersion "1"]
[SourceVersionDate "2021.10.06"]
[SourceQuality "1"]

1. e4 e6 2. d4 d5 3. Nc3 Nf6 4. e5 Nfd7 5. f4 c5 6. Nf3 Nc6 7. Be3 a6 8. a4 Qb6 9. Qd2 cxd4 10. Nxd4 Bc5 11. Rd1 f6 12. exf6 Nxf6 13. Be2 Bd7 14. O-O O-O-O 15. Kh1 Rhe8 16. Bg1 e5 17. Nxc6 Bxc6 18. Bxc5 Qxc5 19. fxe5 Rxe5 20. Qd4 Qe7 21. Bg4+ Kb8 22. Qf4 Ka8 23. b4 h5 24. Bf3 g5 25. Qd4 g4 26. Be2 Ne4 27. b5 Nxc3 28. Qxc3 d4 29. Rxd4 Bxg2+ 30. Kxg2 Rxe2+ 31. Kg1 Rg8 32. bxa6 g3 33. axb7+ Kb8 34. hxg3 Re3 35. Qb4 Rexg3+ 36. Kh1 Rh3# 0-1

[Event "Langley op"]
[Site "Langley CAN"]
[Date "2017.09.02"]
[Round "1.7"]
[White "Doknjas, Neil"]
[Black "Street, Jeffrey"]
[Result "1-0"]
[WhiteElo "1900"]
[BlackElo "1289"]
[WhiteFideId "-1"]
[WhiteFideId "-1"]
[PlyCount "47"]
[GameId "2160767908347070"]
[EventDate "2017.09.02"]
[EventType "swiss"]
[EventRounds "6"]
[EventCountry "CAN"]
[SourceTitle "EXT 2022"]
[Source "ChessBase"]
[SourceDate "2021.10.06"]
[SourceVersion "1"]
[SourceVersionDate "2021.10.06"]
[SourceQuality "1"]

1. e4 e5 2. Nf3 Nc6 3. d4 exd4 4. Nxd4 Bc5 5. Be3 Qf6 6. c3 Nge7 7. Bc4 Ne5 8. Be2 O-O 9. O-O c6 10. f4 N5g6 11. Qd2 d6 12. f5 Bxd4 13. cxd4 h6 14. fxg6 Qxg6 15. Bd3 Qe6 16. Nc3 d5 17. exd5 cxd5 18. Rae1 Qb6 19. Kh1 f5 20. Bxh6 gxh6 21. Rxe7 Qxd4 22. Qxh6 Rf7 23. Re8+ Rf8 24. Rxf8# 1-0

[Event "Langley op"]
[Site "Langley CAN"]
[Date "2017.09.02"]
[Round "1.8"]
[White "Gu, Stephanie"]
[Black "Leblanc, Paul"]
[Result "0-1"]
[WhiteElo "1287"]
[BlackElo "1872"]
[WhiteFideId "-1"]
[WhiteFideId "-1"]
[PlyCount "80"]
[GameId "2160767908347071"]
[EventDate "2017.09.02"]
[EventType "swiss"]
[EventRounds "6"]
[EventCountry "CAN"]
[SourceTitle "EXT 2022"]
[Source "ChessBase"]
[SourceDate "2021.10.06"]
[SourceVersion "1"]
[SourceVersionDate "2021.10.06"]
[SourceQuality "1"]

1. e4 c6 2. d4 d5 3. Nc3 dxe4 4. Nxe4 Nf6 5. Nxf6+ gxf6 6. Nf3 Bg4 7. Be2 Qc7 8. Be3 Nd7 9. c3 O-O-O 10. Qc2 Kb8 11. O-O-O e6 12. h3 Bf5 13. Bd3 Bg6 14. Rhe1 Bd6 15. Nd2 f5 16. Nc4 f4 17. Bd2 Be7 18. Bxg6 hxg6 19. Ne5 Nxe5 20. Rxe5 g5 21. Ree1 f3 22. Qe4 fxg2 23. Qxg2 Rd5 24. Re3 Ra5 25. Kb1 Qb6 26. Bc1 Qa6 27. a3 Qc4 28. Qe4 Bxa3 29. Qc2 Bd6 30. b3 Qd5 31. c4 Qg2 32. Rdd3 Rf5 33. Re2 Rf3 34. Rxf3 Qxf3 35. Bxg5 Rxh3 36. Be3 Bb4 37. Kb2 Rh1 38. Qd3 Qh5 39. Bf4+ Kc8 40. Be3 Qa5 0-1

[Event "Langley op"]
[Site "Langley CAN"]
[Date "2017.09.02"]
[Round "1.9"]
[White "Lehingrat, Callum"]
[Black "Song, Ethan"]
[Result "1-0"]
[WhiteElo "1841"]
[BlackElo "1280"]
[WhiteFideId "-1"]
[WhiteFideId "-1"]
[PlyCount "67"]
[GameId "2160767908347072"]
[EventDate "2017.09.02"]
[EventType "swiss"]
[EventRounds "6"]
[EventCountry "CAN"]
[SourceTitle "EXT 2022"]
[Source "ChessBase"]
[SourceDate "2021.10.06"]
[SourceVersion "1"]
[SourceVersionDate "2021.10.06"]
[SourceQuality "1"]

1. d4 d5 2. c4 c6 3. Nf3 Nf6 4. e3 Bf5 5. b3 e6 6. Bb2 Na6 7. a3 Bd6 8. Be2 O-O 9. Nbd2 Re8 10. Nh4 Bc7 11. Nxf5 exf5 12. g3 g6 13. Rc1 Qd7 14. b4 Ne4 15. Qc2 Qe7 16. cxd5 Nxf2 17. O-O Nh3+ 18. Kg2 Qxe3 19. Bxa6 bxa6 20. Rce1 Qh6 21. Nf3 Ng5 22. Nxg5 Qxg5 23. Bc1 f4 24. Qxc6 Rec8 25. d6 Bb6 26. Qe4 Kf8 27. Bxf4 Qd8 28. Bh6+ Kg8 29. Qe5 f6 30. Qe6+ Kh8 31. Qf7 Rc2+ 32. Kh1 Qg8 33. Qxf6+ Qg7 34. Qxg7# 1-0

[Event "Langley op"]
[Site "Langley CAN"]
[Date "2017.09.02"]
[Round "1.10"]
[White "Drake, Stephen"]
[Black "Chung, Alec"]
[Result "1-0"]
[WhiteElo "1249"]
[BlackElo "1833"]
[WhiteFideId "-1"]
[WhiteFideId "-1"]
[PlyCount "113"]
[GameId "2160767908347073"]
[EventDate "2017.09.02"]
[EventType "swiss"]
[EventRounds "6"]
[EventCountry "CAN"]
[SourceTitle "EXT 2022"]
[Source "ChessBase"]
[SourceDate "2021.10.06"]
[SourceVersion "1"]
[SourceVersionDate "2021.10.06"]
[SourceQuality "1"]

1. e4 c5 2. c3 Nf6 3. e5 Nd5 4. d4 cxd4 5. Nf3 d6 6. cxd4 Bg4 7. h3 Bh5 8. Qb3 Nb6 9. Be2 Nc6 10. Be3 e6 11. Nbd2 Be7 12. O-O dxe5 13. dxe5 Nxe5 14. Qb5+ Nbd7 15. Rac1 Qb8 16. Nxe5 Qxe5 17. Qxe5 Nxe5 18. Bxh5 Bf6 19. Ne4 Be7 20. Rc7 g6 21. Be2 f5 22. Ng5 Bd6 23. Bb5+ Nc6 24. Bxc6+ bxc6 25. Rxc6 Kd7 26. Rfc1 Rhb8 27. b3 Rb5 28. Nf7 Be7 29. Bf4 Rd5 30. Rc7+ Ke8 31. Bg5 Bf8 32. Nh6 Bd6 33. Rxh7 Rb8 34. Ng8 Be5 35. Nf6+ Bxf6 36. Bxf6 a5 37. Rh8+ Kf7 38. Rxb8 Kxf6 39. Ra8 f4 40. a3 Rd3 41. Rxa5 Rxb3 42. Ra1 g5 43. Rc5 e5 44. a4 e4 45. a5 e3 46. fxe3 fxe3 47. a6 e2 48. Kf2 g4 49. hxg4 e1=Q+ 50. Kxe1 Rb8 51. a7 Re8+ 52. Kf1 Ra8 53. Rb5 Re8 54. a8=Q Re7 55. Ra6+ Kf7 56. Rf5+ Kg7 57. Qf8+ 1-0

[Event "Langley op"]
[Site "Langley CAN"]
[Date "2017.09.02"]
[Round "2.1"]
[White "Harris, Philip"]
[Black "Doknjas, John"]
[Result "0-1"]
[WhiteElo "1701"]
[BlackElo "2270"]
[WhiteFideId "-1"]
[WhiteFideId "-1"]
[PlyCount "54"]
[GameId "2160767908347074"]
[EventDate "2017.09.02"]
[EventType "swiss"]
[EventRounds "6"]
[EventCountry "CAN"]
[SourceTitle "EXT 2022"]
[Source "ChessBase"]
[SourceDate "2021.10.06"]
[SourceVersion "1"]
[SourceVersionDate "2021.10.06"]
[SourceQuality "1"]

1. b3 d5 2. Bb2 Nf6 3. e3 c6 4. Nf3 Bf5 5. c4 e6 6. Be2 h6 7. O-O Nbd7 8. d4 Bd6 9. Nc3 O-O 10. Rc1 Bh7 11. Bd3 Ne4 12. Qc2 f5 13. g3 Qe7 14. Ne2 Qf6 15. Rfd1 g5 16. Nc3 Rf7 17. Rf1 Re8 18. Rcd1 h5 19. h4 gxh4 20. Nxh4 Rg7 21. Bxe4 fxe4 22. Kh1 Rg4 23. Rg1 Kh8 24. Rg2 Reg8 25. Rh2 Rxh4 26. Rxh4 Qf3+ 27. Kh2 Bxg3+ 0-1

[Event "Langley op"]
[Site "Langley CAN"]
[Date "2017.09.02"]
[Round "2.2"]
[White "Doknjas, Joshua"]
[Black "Hamm, Robert"]
[Result "1-0"]
[WhiteElo "2234"]
[BlackElo "1540"]
[WhiteFideId "-1"]
[WhiteFideId "-1"]
[PlyCount "53"]
[GameId "2160767908347075"]
[EventDate "2017.09.02"]
[EventType "swiss"]
[EventRounds "6"]
[EventCountry "CAN"]
[SourceTitle "EXT 2022"]
[Source "ChessBase"]
[SourceDate "2021.10.06"]
[SourceVersion "1"]
[SourceVersionDate "2021.10.06"]
[SourceQuality "1"]

1. e4 e5 2. Nf3 Nc6 3. Bc4 Be7 4. O-O Nf6 5. d3 O-O 6. Re1 h6 7. c3 d6 8. Bb3 Be6 9. Nbd2 a6 10. Nf1 b5 11. Ng3 Na5 12. Bc2 c5 13. d4 Qc7 14. d5 Bd7 15. h3 Qc8 16. Nh4 Re8 17. Nhf5 Bf8 18. Qf3 Bxf5 19. Nxf5 Qd8 20. b3 Nb7 21. a4 b4 22. c4 Nh7 23. Qg4 Qf6 24. Nxh6+ Kh8 25. Nf5 g6 26. Ng3 Kg7 27. Nh5+ 1-0

[Event "Langley op"]
[Site "Langley CAN"]
[Date "2017.09.02"]
[Round "2.3"]
[White "Sullivan, Brian"]
[Black "Zhu, Brandon"]
[Result "0-1"]
[WhiteElo "1565"]
[BlackElo "2173"]
[WhiteFideId "-1"]
[WhiteFideId "-1"]
[PlyCount "62"]
[GameId "2160767908347076"]
[EventDate "2017.09.02"]
[EventType "swiss"]
[EventRounds "6"]
[EventCountry "CAN"]
[SourceTitle "EXT 2022"]
[Source "ChessBase"]
[SourceDate "2021.10.06"]
[SourceVersion "1"]
[SourceVersionDate "2021.10.06"]
[SourceQuality "1"]

1. d4 Nf6 2. c4 g6 3. Nc3 Bg7 4. Nf3 O-O 5. h3 d6 6. e3 a5 7. Bd3 Na6 8. a3 Bd7 9. O-O Re8 10. e4 e5 11. d5 Nc5 12. Bc2 Nh5 13. Be3 Qe7 14. Qd2 a4 15. Qd1 f5 16. exf5 gxf5 17. Bxc5 dxc5 18. Nxa4 e4 19. Re1 Qf7 20. Ng5 Qg6 21. Nxc5 Qxg5 22. Nxd7 Nf4 23. g4 Nxh3+ 24. Kf1 Qh4 25. Qd2 Bh6 26. Qd4 Bg7 27. Qe3 f4 28. Qd2 Qxg4 29. Bxe4 Qg1+ 30. Ke2 Rxe4+ 31. Kf3 Ng5# 0-1

[Event "Langley op"]
[Site "Langley CAN"]
[Date "2017.09.02"]
[Round "2.4"]
[White "McLaren, Brian"]
[Black "Lee, Mau Seng"]
[Result "1-0"]
[WhiteElo "2165"]
[BlackElo "1488"]
[WhiteFideId "-1"]
[WhiteFideId "-1"]
[PlyCount "73"]
[GameId "2160767908347077"]
[EventDate "2017.09.02"]
[EventType "swiss"]
[EventRounds "6"]
[EventCountry "CAN"]
[SourceTitle "EXT 2022"]
[Source "ChessBase"]
[SourceDate "2021.10.06"]
[SourceVersion "1"]
[SourceVersionDate "2021.10.06"]
[SourceQuality "1"]

1. e4 c5 2. Nc3 Nc6 3. g3 g6 4. Bg2 Bg7 5. d3 e6 6. Be3 d6 7. Qd2 Rb8 8. Nh3 Bd7 9. O-O h5 10. Rab1 a6 11. Ne2 Qa5 12. c3 Qxa2 13. d4 cxd4 14. Nxd4 Nxd4 15. Bxd4 e5 16. Bb6 Qe6 17. Bc7 Bh6 18. f4 Rc8 19. Bxd6 f6 20. b3 Ne7 21. Rbd1 Bc6 22. c4 O-O 23. Qb4 Rf7 24. Nf2 Re8 25. Bh3 f5 26. Bxe5 Bg7 27. Rd6 Qc8 28. Bxg7 Kxg7 29. Qc3+ Kh7 30. Rfd1 Qc7 31. e5 Nc8 32. R6d4 Ree7 33. Bg2 Bxg2 34. Kxg2 Qc6+ 35. Qf3 Qb6 36. Nh3 Qb4 37. Ng5+ 1-0

[Event "Langley op"]
[Site "Langley CAN"]
[Date "2017.09.02"]
[Round "2.5"]
[White "Angelvette, Duane"]
[Black "Richardson, Kai"]
[Result "1/2-1/2"]
[WhiteElo "1543"]
[BlackElo "2099"]
[WhiteFideId "-1"]
[WhiteFideId "-1"]
[PlyCount "61"]
[GameId "2160767908347078"]
[EventDate "2017.09.02"]
[EventType "swiss"]
[EventRounds "6"]
[EventCountry "CAN"]
[SourceTitle "EXT 2022"]
[Source "ChessBase"]
[SourceDate "2021.10.06"]
[SourceVersion "1"]
[SourceVersionDate "2021.10.06"]
[SourceQuality "1"]

1. d4 d5 2. Bf4 e6 3. Nf3 Bd6 4. Bg3 b6 5. e3 Bb7 6. Bd3 Nf6 7. Nbd2 c5 8. c3 Nc6 9. Ne5 h5 10. f4 c4 11. Bc2 b5 12. Ndf3 Ng4 13. Nxg4 hxg4 14. Ne5 f5 15. b3 Nxe5 16. fxe5 Be7 17. Qe2 Qa5 18. O-O Bh4 19. Bxh4 Rxh4 20. Qe1 Rh6 21. a4 Ke7 22. axb5 Qxb5 23. bxc4 dxc4 24. Qf2 Qc6 25. e4 Rah8 26. Qf4 Rxh2 27. Qxh2 Rxh2 28. Kxh2 fxe4 29. Rf4 g3+ 30. Kxg3 e3 31. Be4 1/2-1/2

[Event "Langley op"]
[Site "Langley CAN"]
[Date "2017.09.02"]
[Round "2.6"]
[White "Hemstapat, Andrew"]
[Black "Taylor, Tristan"]
[Result "0-1"]
[WhiteElo "2069"]
[BlackElo "1416"]
[WhiteFideId "-1"]
[WhiteFideId "-1"]
[PlyCount "120"]
[GameId "2160767908347079"]
[EventDate "2017.09.02"]
[EventType "swiss"]
[EventRounds "6"]
[EventCountry "CAN"]
[SourceTitle "EXT 2022"]
[Source "ChessBase"]
[SourceDate "2021.10.06"]
[SourceVersion "1"]
[SourceVersionDate "2021.10.06"]
[SourceQuality "1"]

1. e4 e5 2. Bc4 Bc5 3. d4 exd4 4. Bxf7+ Kf8 5. Bb3 Nc6 6. Nf3 d6 7. c3 Bg4 8. Bg5 Qe8 9. Nbd2 dxc3 10. bxc3 Ne5 11. Qc2 Bxf3 12. Nxf3 Nxf3+ 13. gxf3 Qh5 14. Rg1 Qxf3 15. Rg3 Qh5 16. Qd3 Nf6 17. Bxf6 gxf6 18. Rf3 Qe5 19. Rf5 Bxf2+ 20. Rxf2 Qg5 21. Qc4 Qg7 22. Qe6 Qe7 23. Rxf6+ Ke8 24. Qf5 Rf8 25. Rxf8+ Qxf8 26. Qxh7 Qf3 27. Qg6+ Ke7 28. Qe6+ Kf8 29. Qf5+ Qxf5 30. exf5 Re8+ 31. Be6 Re7 32. Kf2 Kg7 33. Rg1+ Kf6 34. Rg6+ Ke5 35. Rh6 c5 36. f6 Rxe6 37. f7 Rxh6 38. f8=Q Rf6+ 39. Qxf6+ Kxf6 40. a4 d5 41. Ke3 b6 42. Kf4 a6 43. h4 b5 44. axb5 axb5 45. h5 b4 46. cxb4 cxb4 47. Ke3 Kg5 48. h6 Kxh6 49. Kd3 Kg5 50. Kc2 Kf4 51. Kb3 Ke3 52. Kxb4 d4 53. Kb3 d3 54. Kb2 Ke2 55. Kb3 d2 56. Kb2 d1=Q 57. Ka2 Qd3 58. Kb2 Qc4 59. Ka3 Qb5 60. Ka2 Kd2 0-1

[Event "Langley op"]
[Site "Langley CAN"]
[Date "2017.09.02"]
[Round "2.7"]
[White "Soliven, Joe"]
[Black "Wang, Daniel1"]
[Result "1-0"]
[WhiteElo "1902"]
[BlackElo "1382"]
[WhiteFideId "-1"]
[WhiteFideId "-1"]
[PlyCount "89"]
[GameId "2160767908347080"]
[EventDate "2017.09.02"]
[EventType "swiss"]
[EventRounds "6"]
[EventCountry "CAN"]
[SourceTitle "EXT 2022"]
[Source "ChessBase"]
[SourceDate "2021.10.06"]
[SourceVersion "1"]
[SourceVersionDate "2021.10.06"]
[SourceQuality "1"]

1. b3 e5 2. Bb2 Nc6 3. e3 d5 4. Bb5 Bd6 5. Nf3 Qe7 6. d4 e4 7. Ne5 Bxe5 8. dxe5 Be6 9. Ba3 Qg5 10. Qd4 Nge7 11. Bxe7 Qxe7 12. Nd2 O-O 13. Bxc6 bxc6 14. f4 c5 15. Qa4 Qd7 16. Qa3 Qc6 17. c3 Rfd8 18. O-O Bf5 19. Rac1 Qb6 20. Rfe1 a5 21. h3 h5 22. Kh2 Rd7 23. Nf1 d4 24. cxd4 cxd4 25. exd4 Rxd4 26. Ne3 Bd7 27. Rc5 Rb4 28. Qc1 c6 29. Rd1 Be8 30. Nf5 Rb5 31. Rc3 Kf8 32. Qa3+ c5 33. Rd6 Qc7 34. Qb2 Rd8 35. Qc2 g6 36. Rxd8 Qxd8 37. Nd6 Rb4 38. Rxc5 Bd7 39. Nc4 Bf5 40. Ne3 Qh4 41. Nd5 Rd4 42. Rc8+ Kg7 43. Qc5 Bxc8 44. Qxd4 Bb7 45. e6+ 1-0

[Event "Langley op"]
[Site "Langley CAN"]
[Date "2017.09.02"]
[Round "2.8"]
[White "Steif, Jonathan"]
[Black "Doknjas, Neil"]
[Result "0-1"]
[WhiteElo "1501"]
[BlackElo "1900"]
[WhiteFideId "-1"]
[WhiteFideId "-1"]
[PlyCount "92"]
[GameId "2160767908347081"]
[EventDate "2017.09.02"]
[EventType "swiss"]
[EventRounds "6"]
[EventCountry "CAN"]
[SourceTitle "EXT 2022"]
[Source "ChessBase"]
[SourceDate "2021.10.06"]
[SourceVersion "1"]
[SourceVersionDate "2021.10.06"]
[SourceQuality "1"]

1. e4 c5 2. Nf3 d6 3. d4 cxd4 4. Nxd4 Nf6 5. Nc3 a6 6. Be3 e5 7. Nb3 Be6 8. f3 h5 9. Nd5 Bxd5 10. exd5 Nbd7 11. c4 b6 12. Be2 Nc5 13. O-O Be7 14. f4 Qc7 15. fxe5 dxe5 16. Nd2 e4 17. b4 Ncd7 18. Qc2 Bd6 19. h3 Bxb4 20. Nxe4 Nxd5 21. Bd4 Nf4 22. Bf3 Rc8 23. Qb2 Be7 24. Rad1 f6 25. Rfe1 O-O 26. Be3 Nc5 27. Kh1 Ncd3 28. Qb3 Nxe1 29. c5+ Kh8 30. cxb6 Qc2 31. Bxf4 Nxf3 32. Qxf3 Rcd8 33. Rxd8 Rxd8 34. b7 Qb1+ 35. Kh2 Qxb7 36. Qxh5+ Kg8 37. Ng3 Qd5 38. Nf5 Qf7 39. Qg4 Kf8 40. Qh4 Bc5 41. a4 Rd1 42. Qg4 Rf1 43. Bd6+ Bxd6+ 44. Nxd6 Qd5 45. Qc8+ Ke7 46. Qxa6 Qxd6+ 0-1

[Event "Langley op"]
[Site "Langley CAN"]
[Date "2017.09.02"]
[Round "2.9"]
[White "Leblanc, Paul"]
[Black "Drake, Stephen"]
[Result "1-0"]
[WhiteElo "1872"]
[BlackElo "1249"]
[WhiteFideId "-1"]
[WhiteFideId "-1"]
[PlyCount "91"]
[GameId "2160767908347082"]
[EventDate "2017.09.02"]
[EventType "swiss"]
[EventRounds "6"]
[EventCountry "CAN"]
[SourceTitle "EXT 2022"]
[Source "ChessBase"]
[SourceDate "2021.10.06"]
[SourceVersion "1"]
[SourceVersionDate "2021.10.06"]
[SourceQuality "1"]

1. d4 Nf6 2. c4 e6 3. Nf3 d5 4. g3 Be7 5. Bg2 O-O 6. O-O c6 7. Qc2 h6 8. Rd1 Nbd7 9. b3 Ne4 10. Bb2 f5 11. Nbd2 Qc7 12. e3 Rb8 13. Rac1 Qd8 14. Ne5 Nxe5 15. dxe5 Qe8 16. f3 Ng5 17. h4 Nf7 18. f4 h5 19. c5 Nh6 20. Nf3 Qg6 21. Ng5 Ng4 22. Bd4 Bxg5 23. hxg5 Kf7 24. Bf3 Rh8 25. Kg2 Qh7 26. Rh1 Bd7 27. b4 a6 28. a4 Qg6 29. Be2 Ke7 30. Bd3 Qf7 31. Qe2 Qe8 32. Rb1 g6 33. b5 axb5 34. axb5 cxb5 35. Bxb5 Bxb5 36. Rxb5 Qd7 37. Qb2 Rhc8 38. Rb1 Rc6 39. Rxb7 Rxb7 40. Qxb7 Rc7 41. Qb8 Rc8 42. Qd6+ Ke8 43. Rb6 Qxd6 44. exd6 Ra8 45. c6 Ra2+ 46. Kg1 1-0

[Event "Langley op"]
[Site "Langley CAN"]
[Date "2017.09.02"]
[Round "2.10"]
[White "Bremner, William"]
[Black "Lehingrat, Callum"]
[Result "1/2-1/2"]
[WhiteElo "1416"]
[BlackElo "1841"]
[WhiteFideId "-1"]
[WhiteFideId "-1"]
[PlyCount "159"]
[GameId "2160767908347083"]
[EventDate "2017.09.02"]
[EventType "swiss"]
[EventRounds "6"]
[EventCountry "CAN"]
[SourceTitle "EXT 2022"]
[Source "ChessBase"]
[SourceDate "2021.10.06"]
[SourceVersion "1"]
[SourceVersionDate "2021.10.06"]
[SourceQuality "1"]

1. d4 Nf6 2. c4 c5 3. d5 e6 4. Nc3 exd5 5. cxd5 d6 6. e4 g6 7. f4 Bg7 8. Bb5+ Nfd7 9. a4 O-O 10. Nf3 Re8 11. Bd3 Na6 12. O-O Nb4 13. Bb1 a6 14. Re1 b6 15. Be3 Bb7 16. Bf2 Nf6 17. Bh4 Qc7 18. Nd2 Nh5 19. Qf3 b5 20. axb5 axb5 21. Rxa8 Rxa8 22. Nxb5 Qb6 23. Nc3 Nc2 24. Bxc2 Qxb2 25. Nc4 Qxc2 26. Nxd6 Bxc3 27. Nxb7 Bxe1 28. Bxe1 Qc1 29. Qc3 Ra1 30. Qxc1 Rxc1 31. Kf2 Nxf4 32. d6 Ne6 33. Ke2 Kf8 34. Kd2 Rb1 35. Na5 Rb2+ 36. Kc3 Rxg2 37. Bg3 Ke8 38. Kc4 Kd7 39. e5 Rd2 40. Kb5 h5 41. Nc4 Re2 42. Nb6+ Kd8 43. Kc6 g5 44. h4 Re3 45. Bf2 Rxe5 46. hxg5 Rf5 47. Bg3 Rf3 48. Be1 Ra3 49. Bh4 Rh3 50. Be1 h4 51. Nd5 Rd3 52. Bxh4 Rd4 53. Be1 Ra4 54. Bc3 Ra6+ 55. Nb6 Rxb6+ 56. Kxb6 Kd7 57. Be5 c4 58. Kb5 c3 59. Bxc3 Kxd6 60. Bf6 Kd5 61. Kb4 Ke4 62. Kc3 Kf5 63. Kd3 Nxg5 64. Bh8 Kg4 65. Ke2 Nf3 66. Kf2 f5 67. Bf6 f4 68. Bd8 Ng5 69. Bxg5 Kxg5 70. Kf3 Kf5 71. Kf2 Ke4 72. Ke2 Ke5 73. Kf3 Kf5 74. Kf2 Ke4 75. Ke2 f3+ 76. Kf2 Kf4 77. Kf1 Ke3 78. Ke1 Ke4 79. Kf2 Kf4 80. Kf1 1/2-1/2

[Event "Langley op"]
[Site "Langley CAN"]
[Date "2017.09.03"]
[Round "3.1"]
[White "Doknjas, John"]
[Black "Leblanc, Paul"]
[Result "1-0"]
[WhiteElo "2270"]
[BlackElo "1872"]
[WhiteFideId "-1"]
[WhiteFideId "-1"]
[PlyCount "51"]
[GameId "2160767908347084"]
[EventDate "2017.09.02"]
[EventType "swiss"]
[EventRounds "6"]
[EventCountry "CAN"]
[SourceTitle "EXT 2022"]
[Source "ChessBase"]
[SourceDate "2021.10.06"]
[SourceVersion "1"]
[SourceVersionDate "2021.10.06"]
[SourceQuality "1"]

1. d4 d5 2. c4 c6 3. Nf3 Nf6 4. Qc2 e6 5. Nbd2 Nbd7 6. g3 Be7 7. Bg2 O-O 8. O-O b6 9. e4 dxe4 10. Nxe4 Bb7 11. Nxf6+ Bxf6 12. c5 bxc5 13. dxc5 Qe7 14. Be3 a5 15. Rfd1 a4 16. Rab1 Rfd8 17. Nd2 Be5 18. Nc4 Qe8 19. Rxd7 Rxd7 20. Nxe5 Rdd8 21. Nc4 Ra7 22. Nd6 Qe7 23. Qe4 Ba8 24. Bf1 Qc7 25. Bd3 g6 26. Qe5 1-0